Nazwij pasującą flagę państwa - Statystyki

Ogólne statystyki
  • Ten quiz został rozwiązany 11 445 razy
  • Średni wynik to 13 z 18
Statystyki odpowiedzi
Nazwij flagę państwa... # Państwo % Poprawnych
która ma więcej niż 10 gwiazdek 3 Brazylia | Stany Zjednoczone | Uzbekistan
98%
która posiada dwa kolory, a każdy stanowi 50% flagi 4 Indonezja | Monako | Polska | Ukraina
95%
która posiada jakikolwiek tekst w języku arabskim 6 Afganistan | Brunei | Egipt | Iran | Irak | Arabia Saudyjska
93%
na której znajduje się co najmniej 90% czerwonego 6 Chiny | Kirgistan | Maroko | Turcja | Tunezja | Wietnam
92%
która posiada słońce 17 Antigua i Barbuda | Argentyna | Bangladesz | Ekwador | Japonia | Kazachstan | Kiribati | Kirgistan | Malawi | Namibia | Nepal | Niger | Macedonia Północna | Filipiny | Rwanda | Tajwan | Urugwaj
86%
z Europy, która posiada tylko czerwony, biały i zielony 4 Białoruś | Bułgaria | Węgry | Włochy
86%
która ma przynajmniej 5% pomarańczowego 10 Armenia | Bhutan | Cypr | Indie | Irlandia | Wybrzeże Kości Słoniowej | Wyspy Marshalla | Niger | Sri Lanka | Zambia
79%
która nie jest czworokątem 1 Nepal
77%
na której znajduje się dwugłowy orzeł 3 Albania | Czarnogóra | Serbia
76%
która posiada "Union Jack" 5 Australia | Fidżi | Nowa Zelandia | Tuvalu | Wielka Brytania
73%
z europejskich państw wyspiarskich, która nie posiada krzyża 1 Irlandia
71%
która jest kwadratem 2 Watykan | Szwajcaria
69%
która została wprowadzona po 1 stycznia 2010 roku 8 Afganistan | Libia | Malawi | Mauretania | Mjanma | Sudan Południowy | Syria | Kirgistan
68%
która posiada tylko czerwony, żółty oraz zielony 11 Benin | Burkina Faso | Kamerun | Grenada | Gwinea | Litwa | Mali | Mauretania | Kongo | Senegal | Boliwia
60%
która posiada lwa 4 Fidżi | Czarnogóra | Hiszpania | Sri Lanka
48%
która posiada Krzyż Południa 5 Australia | Brazylia | Nowa Zelandia | Papua-Nowa Gwinea | Samoa
40%
z Azji, która posiada krzyż 1 Gruzja
38%
która nie posiada czerwonego, białego ani niebieskiego 1 Jamajka
26%
Nie znaleziono quizów pasujących do podanych kryteriów
Rozkład punktacji
Procent ludzi z każdym wynikiem
Percentyl według liczby udzielonych odpowiedzi
Twoja historia wyników
Nie rozwiązałeś tego quizu